000 00386nam a2200169Ia 4500
005 20250603145331.0
008 250603s9999 xx 000 0 und d
020 _a9782312541125
050 _aQA 401 .P76/
100 _aProaki G. John
245 0 _aMathematical modelling
260 _a New York
260 _bRoutledge
260 _c2022
650 _a New York
942 _cBK
999 _c41554
_d41554